[Event "Santiago 2.5"]
[Site "Santiago de Chile"]
[Date "2025.03.14"]
[Round "8"]
[White "Cid Munoz, Benjamin"]
[Black "Torres, Federico"]
[Result "1-0"]
[WhiteElo "1943"]
[BlackElo "2054"]
[PlyCount "47"]
[EventDate "2025.03.09"]
[EventType "swiss"]
[EventRounds "9"]
[EventCountry "CHI"]
[SourceTitle "CB12_2025"]
[SourceDate "2025.03.19"]
[SourceVersion "1"]
[SourceVersionDate "2025.03.19"]
[SourceQuality "1"]

1. d4 d6 2. Nf3 Nd7 3. c4 Ngf6 4. Nc3 e5 5. e4 g6 6. h3 exd4 7. Qxd4 Bg7 8. Bg5 h6 9. Be3 Nc5 10. 0-0-0 0-0 11. e5 Nfd7 12. Qd2 Kh7 13. exd6 cxd6 14. Qxd6 Qa5 15. Bd4 Bxd4 16. Nxd4 Rd8 17. Nc2 Ne6 18. Rd5 Nf6 19. Qxe6 Nxd5 20. Qxf7+ Kh8 21. Nxd5 Bf5 22. Qf6+ Kh7 23. Qe7+ Kh8 24. Qe5+ 1-0

[Event "Santiago 2.5"]
[Site "Santiago de Chile"]
[Date "2025.03.12"]
[Round "5"]
[White "Torres, Federico"]
[Black "Larrea, Manuel"]
[Result "1-0"]
[WhiteElo "2054"]
[BlackElo "2271"]
[PlyCount "91"]
[EventDate "2025.03.09"]
[EventType "swiss"]
[EventRounds "9"]
[EventCountry "CHI"]
[SourceTitle "CB12_2025"]
[SourceDate "2025.03.19"]
[SourceVersion "1"]
[SourceVersionDate "2025.03.19"]
[SourceQuality "1"]

1. e4 c5 2. Nf3 Nc6 3. d3 g6 4. g3 Bg7 5. Bg2 e5 6. 0-0 Nge7 7. c3 0-0 8. Nbd2 d6 9. a3 h6 10. b4 Be6 11. Bb2 b5 12. a4 a6 13. bxc5 dxc5 14. Nb3 Qb6 15. a5 Bxb3 16. axb6 Bxd1 17. Rfxd1 Rfb8 18. Bc1 Nc8 19. Be3 Nxb6 20. Bxc5 Na4 21. Rxa4 bxa4 22. d4 exd4 23. cxd4 Bf8 24. Bxf8 Kxf8 25. d5 Nb4 26. Ra1 a5 27. Nd4 Nd3 28. Nc6 Rb4 29. e5 Nc5 30. d6 Ra6 31. Rc1 a3 32. Nxb4 axb4 33. Rxc5 a2 34. Rc8+ Kg7 35. d7 a1Q+ 36. Bf1 Ra8 37. d8Q Rxc8 38. Qxc8 b3 39. e6 b2 40. Qc3+ Kf8 41. Qf3 Qxf1+ 42. Kxf1 b1Q+ 43. Kg2 f5 44. Qa3+ Kg7 45. Qe7+ Kg8 46. Qf7+ 1-0

[Event "Santiago 2.5"]
[Site "Santiago de Chile"]
[Date "2025.03.11"]
[Round "4"]
[White "Carbone, Diego"]
[Black "Torres, Federico"]
[Result "1/2-1/2"]
[WhiteElo "2222"]
[BlackElo "2054"]
[PlyCount "51"]
[EventDate "2025.03.09"]
[EventType "swiss"]
[EventRounds "9"]
[EventCountry "CHI"]
[SourceTitle "CB12_2025"]
[SourceDate "2025.03.19"]
[SourceVersion "1"]
[SourceVersionDate "2025.03.19"]
[SourceQuality "1"]

1. d4 d5 2. c4 c6 3. Nf3 Nf6 4. Nc3 a6 5. g3 g6 6. Bg2 Bg7 7. cxd5 cxd5 8. Ne5 0-0 9. 0-0 Be6 10. Bf4 Ra7 11. Qb3 Nc6 12. Nxc6 bxc6 13. Na4 Nd7 14. Rac1 Qa8 15. Rfd1 Rc8 16. Nc5 Nxc5 17. Rxc5 Rb7 18. Qc3 Rb5 19. Rc1 Qb7 20. b3 Rxc5 21. Qxc5 Qb5 22. Qxe7 Qxe2 23. Bf1 Qxa2 24. Rxc6 Rxc6 25. Qe8+ Bf8 26. Qxc6 1/2-1/2

[Event "Santiago 2.5"]
[Site "Santiago de Chile"]
[Date "2025.03.10"]
[Round "2"]
[White "Melian, Juan Sebastian"]
[Black "Torres, Federico"]
[Result "1/2-1/2"]
[WhiteElo "2341"]
[BlackElo "2054"]
[PlyCount "113"]
[EventDate "2025.03.09"]
[EventType "swiss"]
[EventRounds "9"]
[EventCountry "CHI"]
[SourceTitle "CB12_2025"]
[SourceDate "2025.03.19"]
[SourceVersion "1"]
[SourceVersionDate "2025.03.19"]
[SourceQuality "1"]

1. e4 d6 2. Nf3 Nf6 3. Nc3 e5 4. d4 Nbd7 5. Rg1 c6 6. g4 g6 7. g5 Nh5 8. Be3 b5 9. a3 a6 10. Qd2 Qc7 11. Be2 Be7 12. Nh4 Ng7 13. f4 exf4 14. Bxf4 Ne6 15. Be3 h6 16. Nf3 Nxg5 17. Nxg5 hxg5 18. Bxg5 Bxg5 19. Qxg5 Qd8 20. Qg3 Qh4 21. 0-0-0 Qxg3 22. hxg3 Ke7 23. Bf3 f6 24. e5 d5 25. exf6+ Nxf6 26. Rde1+ Kd6 27. Re5 Rh3 28. Ne2 Bf5 29. Nf4 Rh2 30. g4 Rxc2+ 31. Kd1 Rxb2 32. gxf5 Rb1+ 33. Ke2 Rxg1 34. Re6+ Kc7 35. Rxf6 gxf5 36. Nd3 Rd8 37. Nc5 Kb6 38. Rf7 Ra8 39. Kd2 Rg3 40. Ke3 Rh3 41. Nd7+ Ka5 42. Ne5 Rc8 43. Rf6 Ka4 44. Nxc6 Kxa3 45. Kf4 b4 46. Bxd5 b3 47. Ne7 Rh4+ 48. Ke5 Re8 49. Rxa6+ Kb4 50. Kd6 Rh6+ 51. Be6 b2 52. Rb6+ Kc3 53. Kd7 Rxe6 54. Kxe6 Kc2 55. Rc6+ Kd2 56. Rb6 Kc2 57. Rc6+ 1/2-1/2

[Event "Florianopolis op 11th"]
[Site "Florianopolis"]
[Date "2025.01.25"]
[Round "9"]
[White "Torres, Federico"]
[Black "Boabaid, Jorge Alberto Duard"]
[Result "1-0"]
[WhiteElo "2056"]
[BlackElo "1839"]
[PlyCount "67"]
[EventDate "2025.01.18"]
[EventType "swiss"]
[EventRounds "10"]
[EventCountry "BRA"]
[SourceTitle "CB05_2025"]
[SourceDate "2025.01.29"]
[SourceVersion "1"]
[SourceVersionDate "2025.01.29"]
[SourceQuality "1"]

1. e4 c5 2. Nf3 d6 3. g3 g6 4. Bg2 Bg7 5. 0-0 Nc6 6. Re1 Qc7 7. c3 Bg4 8. h3 Bxf3 9. Qxf3 Nf6 10. d3 0-0 11. Be3 e6 12. Nd2 Nd7 13. Qe2 Rae8 14. Nb3 b5 15. a4 b4 16. d4 bxc3 17. bxc3 Rb8 18. Reb1 Na5 19. Nd2 cxd4 20. cxd4 Rxb1+ 21. Rxb1 Nb6 22. Qa6 Qc3 23. Qxa7 Nbc4 24. Qc7 Bxd4 25. Nxc4 Bxe3 26. Qxa5 Bxf2+ 27. Kxf2 Qxc4 28. Qb4 Qc2+ 29. Kg1 Rc8 30. Rf1 Qc7 31. Rd1 Rd8 32. a5 d5 33. Qb6 Qe7 34. a6 1-0

[Event "Florianopolis op 11th"]
[Site "Florianopolis"]
[Date "2025.01.24"]
[Round "8"]
[White "Calcada, Henrique Galvan"]
[Black "Torres, Federico"]
[Result "0-1"]
[WhiteElo "1864"]
[BlackElo "2056"]
[PlyCount "124"]
[EventDate "2025.01.18"]
[EventType "swiss"]
[EventRounds "10"]
[EventCountry "BRA"]
[SourceTitle "CB05_2025"]
[SourceDate "2025.01.29"]
[SourceVersion "1"]
[SourceVersionDate "2025.01.29"]
[SourceQuality "1"]

1. e4 e5 2. Nf3 d6 3. d4 Nd7 4. Nc3 c6 5. Bc4 Be7 6. a4 a5 7. 0-0 h6 8. h3 Qc7 9. Re1 Ngf6 10. Be3 Nf8 11. Bf1 g5 12. Nd2 Ng6 13. g3 Rg8 14. Nc4 Ra6 15. Qd2 Be6 16. f3 Nh5 17. d5 Bc8 18. dxc6 bxc6 19. Kh2 Ngf4 20. Rad1 Rg6 21. Qf2 Bd8 22. Rd2 Qe7 23. Red1 Bc7 24. g4 Ng7 25. Bb6 Bxb6 26. Nxb6 Bb7 27. Bxa6 Bxa6 28. b3 h5 29. Nc4 Bxc4 30. bxc4 hxg4 31. Qb6 Kf8 32. fxg4 Rh6 33. Rd3 Nge6 34. Rg3 Nd4 35. Rxd4 exd4 36. Qxd4 Qe5 37. Qxe5 dxe5 38. c5 Ne6 39. Rd3 Nxc5 40. Rd8+ Kg7 41. Ra8 Rd6 42. Rxa5 Rd2+ 43. Kg3 Ne6 44. Rxe5 Rxc2 45. Nd1 c5 46. Ne3 Ra2 47. h4 Ra3 48. Kf2 gxh4 49. g5 Ra2+ 50. Kg1 h3 51. Nf5+ Kg6 52. Ne7+ Kh5 53. g6+ Kg4 54. Rf5 Nf4 55. Nd5 Ne2+ 56. Kf2 Ng3+ 57. Ke3 Nxf5+ 58. exf5 fxg6 59. fxg6 Rxa4 60. Nc7 Kh5 61. g7 Rg4 62. Ne8 Kh6 0-1

[Event "Florianopolis op 10th"]
[Site "Florianopolis"]
[Date "2024.01.26"]
[Round "8"]
[White "Silva, Ezequiel Demetras"]
[Black "Torres, Federico"]
[Result "0-1"]
[WhiteElo "1793"]
[BlackElo "2002"]
[PlyCount "38"]
[EventDate "2024.01.20"]
[EventType "swiss"]
[EventRounds "10"]
[EventCountry "BRA"]
[SourceTitle "EXT 2025"]
[Source "ChessBase"]
[SourceDate "2024.10.14"]
[SourceVersion "1"]
[SourceVersionDate "2024.10.14"]
[SourceQuality "1"]

1. e4 d6 2. d4 Nf6 3. Nc3 e5 4. Nf3 Nbd7 5. Bc4 Be7 6. Bxf7+ Kxf7 7. Ng5+ Kg8 8. Ne6 Qe8 9. Nxc7 Qg6 10. Nxa8 Qxg2 11. Rf1 exd4 12. Qxd4 Ne5 13. f4 Nfg4 14. Ne2 Bh4+ 15. Ng3 Nxh2 16. Qd5+ Nf7 17. Rf2 Qxg3 18. Bd2 Qxf2+ 19. Kd1 Qf1+ 0-1

[Event "Florianopolis op 10th"]
[Site "Florianopolis"]
[Date "2024.01.23"]
[Round "5"]
[White "Silva, Juliana Figueira Th"]
[Black "Torres, Federico"]
[Result "1/2-1/2"]
[WhiteElo "1747"]
[BlackElo "2002"]
[PlyCount "128"]
[EventDate "2024.01.20"]
[EventType "swiss"]
[EventRounds "10"]
[EventCountry "BRA"]
[SourceTitle "CBM 218 Extra"]
[Source "ChessBase"]
[SourceDate "2024.03.31"]
[SourceVersion "1"]
[SourceVersionDate "2024.03.31"]
[SourceQuality "1"]

1. d4 c5 2. d5 e5 3. c4 Nf6 4. Nc3 g6 5. e4 Bg7 6. Nf3 0-0 7. Be2 d6 8. 0-0 Na6 9. a3 Rb8 10. Bd2 Bd7 11. Rb1 Nc7 12. b4 cxb4 13. axb4 a5 14. bxa5 Na6 15. Rb6 Qc7 16. Qc2 Bg4 17. Nb5 Qe7 18. Bg5 Rfd8 19. Nc3 Nc5 20. Na4 Na6 21. Rfb1 Qc7 22. Qb3 Bd7 23. Nc3 Nc5 24. Qb4 Rdc8 25. Bxf6 Bxf6 26. Nd2 Ra8 27. Nb3 Bd8 28. Nxc5 dxc5 29. Qb2 Rxa5 30. Rxb7 Qd6 31. Rb8 Kg7 32. Rxc8 Bxc8 33. Qb8 Qa6 34. Qxe5+ Bf6 35. Qg3 Ra3 36. e5 Bd8 37. Rc1 Qa5 38. Qd3 Qb4 39. Qc2 Bg5 40. Ne4 Bxc1 41. Qxc1 Bf5 42. Ng3 h6 43. Nxf5+ gxf5 44. h3 Ra2 45. Bf3 Rd2 46. d6 Qb2 47. Qxb2 Rxb2 48. d7 Rb8 49. Bc6 f4 50. Kf1 Kg6 51. Be4+ Kg5 52. Bd5 Rd8 53. e6 fxe6 54. Bxe6 Kf6 55. Bg4 Ke5 56. h4 h5 57. Bh3 Rb8 58. Ke2 Ke4 59. Be6 Rd8 60. Bd5+ Ke5 61. Bc6 Kd4 62. Bb5 Ke4 63. Bc6+ Kd4 64. Bb5 Ke4 1/2-1/2

[Event "Florianopolis op 10th"]
[Site "Florianopolis"]
[Date "2024.01.22"]
[Round "4"]
[White "Torres, Federico"]
[Black "Caetano, Ryan Wesley da Cost"]
[Result "0-1"]
[WhiteElo "2002"]
[BlackElo "2184"]
[PlyCount "76"]
[EventDate "2024.01.20"]
[EventType "swiss"]
[EventRounds "10"]
[EventCountry "BRA"]
[SourceTitle "CBM 218 Extra"]
[Source "ChessBase"]
[SourceDate "2024.03.31"]
[SourceVersion "1"]
[SourceVersionDate "2024.03.31"]
[SourceQuality "1"]

1. e4 c5 2. Nf3 d6 3. g3 Nf6 4. d3 Nc6 5. Bg2 g6 6. 0-0 Bg7 7. Re1 0-0 8. c3 e5 9. Nbd2 h6 10. a4 Be6 11. Rb1 Qc7 12. b3 Rfd8 13. Ba3 a6 14. Rc1 Qb8 15. b4 Qa7 16. Nb3 c4 17. dxc4 Bxc4 18. Nfd2 Be6 19. c4 Ng4 20. Rf1 h5 21. h3 Nf6 22. Kh2 h4 23. Nf3 hxg3+ 24. fxg3 Bh6 25. Nbd2 Nh5 26. Nh4 Qe3 27. Qf3 Qxd2 28. Nf5 Bxf5 29. exf5 Qg5 30. Rcd1 e4 31. Qg4 Qxg4 32. hxg4 Nf6 33. fxg6 Nxg4+ 34. Kh3 Nge5 35. gxf7+ Nxf7 36. Bxe4 Ng5+ 37. Kh4 Nxe4 38. Rde1 Re8 0-1

[Event "Florianopolis op 10th"]
[Site "Florianopolis"]
[Date "2024.01.21"]
[Round "2"]
[White "Altenhofen, Guilherme Graneto"]
[Black "Torres, Federico"]
[Result "0-1"]
[WhiteElo "1425"]
[BlackElo "2002"]
[PlyCount "50"]
[EventDate "2024.01.20"]
[EventType "swiss"]
[EventRounds "10"]
[EventCountry "BRA"]
[SourceTitle "CBM 218 Extra"]
[Source "ChessBase"]
[SourceDate "2024.03.31"]
[SourceVersion "1"]
[SourceVersionDate "2024.03.31"]
[SourceQuality "1"]

1. e4 e5 2. Nf3 d6 3. h3 c6 4. Nc3 Be7 5. Bc4 h6 6. d3 Nd7 7. Be3 Qc7 8. Qd2 Ngf6 9. 0-0 Nf8 10. Bb3 g5 11. Ne2 Ng6 12. Ng3 Nf4 13. Bxf4 gxf4 14. Ne2 Rg8 15. Kh2 h5 16. Rh1 Be6 17. c3 0-0-0 18. Bxe6+ fxe6 19. b4 Rg6 20. a4 Rdg8 21. Ne1 Qb6 22. Nc1 d5 23. exd5 exd5 24. b5 e4 25. Qxf4 Bd6 0-1

[Event "ARG-ch sf 98th"]
[Site "Buenos Aires"]
[Date "2023.05.04"]
[Round "6"]
[White "Torres, Federico"]
[Black "Acosta, Carlos Humberto"]
[Result "1-0"]
[WhiteElo "2066"]
[BlackElo "1715"]
[PlyCount "55"]
[EventDate "2023.04.29"]
[EventType "swiss"]
[EventRounds "9"]
[EventCountry "ARG"]
[SourceTitle "CBM 214 Extra"]
[Source "ChessBase"]
[SourceDate "2023.07.31"]
[SourceVersion "1"]
[SourceVersionDate "2023.07.31"]
[SourceQuality "1"]

1. e4 e5 2. Nf3 Nc6 3. d3 Be7 4. c3 Nf6 5. Be2 0-0 6. h3 h6 7. Nbd2 d5 8. Qc2 dxe4 9. dxe4 Be6 10. Nf1 Bd6 11. g4 Nh7 12. Ng3 Be7 13. Be3 f6 14. Nf5 Qe8 15. h4 Rd8 16. Rg1 Bxf5 17. gxf5 Kh8 18. Bc4 a6 19. Qe2 b5 20. Bd5 Nb8 21. Nd2 Bd6 22. Qg4 Qe7 23. 0-0-0 Rfe8 24. Rg2 Nf8 25. Bxh6 g6 26. fxg6 Ne6 27. Bf8 Rxf8 28. Qh5+ 1-0

[Event "ARG-ch sf 98th"]
[Site "Buenos Aires"]
[Date "2023.04.29"]
[Round "1"]
[White "Toller, Bautista"]
[Black "Torres, Federico"]
[Result "0-1"]
[WhiteElo "1481"]
[BlackElo "2066"]
[PlyCount "50"]
[EventDate "2023.04.29"]
[EventType "swiss"]
[EventRounds "9"]
[EventCountry "ARG"]
[SourceTitle "CBM 214 Extra"]
[Source "ChessBase"]
[SourceDate "2023.07.31"]
[SourceVersion "1"]
[SourceVersionDate "2023.07.31"]
[SourceQuality "1"]

1. e4 e5 2. Nf3 d6 3. d4 Nd7 4. Bg5 Ngf6 5. Nbd2 Be7 6. c3 h6 7. Bh4 exd4 8. Bxf6 Bxf6 9. cxd4 0-0 10. Bc4 c5 11. Nb3 Re8 12. Qc2 Nb6 13. dxc5 Nxc4 14. Qxc4 d5 15. Qd3 Rxe4+ 16. Kf1 Bf5 17. Qd2 Qd7 18. h3 Rae8 19. Nfd4 Bg6 20. g3 Qa4 21. Rd1 Qc4+ 22. Kg2 Re2 23. Nxe2 Rxe2 24. Qf4 Be4+ 25. Kf1 Rd2+ 0-1

[Event "Rio Grande op 22nd"]
[Site "Rio Grande"]
[Date "2022.10.19"]
[Round "1"]
[White "Torres, Federico"]
[Black "Frutos, Leandro Jose"]
[Result "0-1"]
[WhiteElo "2162"]
[BlackElo "1700"]
[PlyCount "92"]
[EventDate "2022.10.19"]
[EventType "swiss"]
[EventRounds "7"]
[EventCountry "ARG"]
[SourceTitle "EXT 2024"]
[Source "ChessBase"]
[SourceDate "2023.10.10"]
[SourceVersion "1"]
[SourceVersionDate "2023.10.10"]
[SourceQuality "1"]

1. e4 e6 2. Qe2 c5 3. Nf3 Nc6 4. g3 d6 5. Bg2 g6 6. h4 h6 7. d3 Bg7 8. 0-0 Nge7 9. c3 0-0 10. Re1 b5 11. d4 cxd4 12. cxd4 Qb6 13. Be3 d5 14. Nc3 b4 15. exd5 Ba6 16. Na4 Qa5 17. Qd2 Nxd5 18. Nc5 Nxe3 19. fxe3 Rfd8 20. h5 g5 21. Rec1 Rac8 22. a3 Qb6 23. Nxa6 Qxa6 24. axb4 Qb6 25. b5 Qxb5 26. Rc5 Qxc5 27. dxc5 Rxd2 28. Nxd2 Bxb2 29. Ra6 Nb4 30. Ra4 Bc1 31. Nc4 Nd5 32. Rxa7 Rxc5 33. Nd6 Bxe3+ 34. Kh2 Rc6 35. Ra8+ Kg7 36. Ne8+ Kh7 37. Rd8 Bb6 38. Rd7 Kg8 39. Nd6 Rc2 40. Kh1 Ne3 41. Be4 Rc1+ 42. Kh2 Ng4+ 43. Kg2 Rg1+ 44. Kh3 Nf2+ 45. Kh2 Rd1 46. Ne8 Ng4+ 0-1

[Event "ARG-ch 96th"]
[Site "Buenos Aires"]
[Date "2022.06.11"]
[Round "10"]
[White "Sanhueza, Cristian"]
[Black "Torres, Federico"]
[Result "0-1"]
[WhiteElo "2180"]
[BlackElo "2142"]
[PlyCount "74"]
[EventDate "2022.06.02"]
[EventType "swiss"]
[EventRounds "11"]
[EventCountry "ARG"]
[SourceTitle "EXT 2023"]
[Source "ChessBase"]
[SourceDate "2022.10.05"]
[SourceVersion "1"]
[SourceVersionDate "2022.10.05"]
[SourceQuality "1"]

1. e4 d6 2. d4 Nf6 3. Nc3 e5 4. Nf3 Nbd7 5. g4 Nxg4 6. Rg1 exd4 7. Nxd4 Nde5 8. h3 Nf6 9. Qe2 c5 10. Nf3 Qb6 11. Nxe5 dxe5 12. Bg5 Qxb2 13. Qb5+ Qxb5 14. Nxb5 Kd7 15. Bc4 Kc6 16. Bxf6 gxf6 17. Bd5+ Kxb5 18. Rb1+ Ka4 19. c4 Rb8 20. Bc6+ bxc6 21. Rxb8 Bd6 22. Ra8 Bc7 23. f3 Ba5+ 24. Kf2 Rd8 25. Rxa7 Be6 26. Rg7 Bxc4 27. Rxh7 Rd2+ 28. Kg3 Rd8 29. f4 exf4+ 30. Kxf4 Be6 31. Rh5 Kb5 32. Rb7+ Bb6 33. Re7 Ka6 34. e5 f5 35. Rg5 Rd4+ 36. Kf3 Bd5+ 37. Ke2 Bd8 0-1

[Event "ARG-ch 96th"]
[Site "Buenos Aires"]
[Date "2022.06.06"]
[Round "5"]
[White "Torres, Federico"]
[Black "Valerga, Diego"]
[Result "1/2-1/2"]
[WhiteElo "2142"]
[BlackElo "2428"]
[PlyCount "141"]
[EventDate "2022.06.02"]
[EventType "swiss"]
[EventRounds "11"]
[EventCountry "ARG"]
[SourceTitle "CBM 208 Extra"]
[Source "ChessBase"]
[SourceDate "2022.07.31"]
[SourceVersion "1"]
[SourceVersionDate "2022.07.31"]
[SourceQuality "1"]

1. e4 c6 2. d3 d5 3. Nf3 g6 4. Qe2 Bg7 5. g3 dxe4 6. dxe4 Nf6 7. Bg2 Qa5+ 8. Nbd2 Qa6 9. c4 Bg4 10. h3 Bxf3 11. Nxf3 e5 12. Bd2 Nbd7 13. Bc3 0-0 14. Nxe5 Nxe4 15. Bxe4 Nxe5 16. Bxe5 Bxe5 17. 0-0 Rfe8 18. Qc2 Qb6 19. Bf3 Re6 20. Rad1 Rae8 21. b3 Qc5 22. Rd7 Bxg3 23. b4 Qg5 24. fxg3 Re2 25. Bxe2 Qxg3+ 26. Kh1 Qxh3+ 27. Kg1 Qxd7 28. Qd3 Qe7 29. Bd1 Qxb4 30. Qd4 Qe7 31. c5 Qg5+ 32. Kh2 Rd8 33. Qf2 Rd2 34. Be2 Qe7 35. Re1 Rc2 36. Kg1 Rxc5 37. Bf3 Qg5+ 38. Qg2 Qf6 39. Qe2 Kg7 40. Bg2 Qd4+ 41. Qe3 Qxe3+ 42. Rxe3 Kf6 43. Rb3 b6 44. Rf3+ Ke6 45. Re3+ Kf6 46. Rf3+ Ke6 47. Re3+ Re5 48. Ra3 Ra5 49. Rxa5 bxa5 50. Bxc6 Ke5 51. Kf2 Kf4 52. Be8 f5 53. Bf7 g5 54. Be8 g4 55. a4 Kg5 56. Bd7 f4 57. Bc8 h5 58. Bb7 f3 59. Ke3 h4 60. Bc6 Kf5 61. Bd7+ Kg5 62. Bc6 h3 63. Bxf3 gxf3 64. Kxf3 Kf5 65. Kg3 Ke5 66. Kxh3 Kd4 67. Kg2 Kc4 68. Kf2 Kb4 69. Ke2 Kxa4 70. Kd2 Kb3 71. Kc1 1/2-1/2

[Event "ARG-ch 96th"]
[Site "Buenos Aires"]
[Date "2022.06.05"]
[Round "4"]
[White "Torres, Federico"]
[Black "Needleman, Alejandro"]
[Result "1-0"]
[WhiteElo "2142"]
[BlackElo "2325"]
[PlyCount "67"]
[EventDate "2022.06.02"]
[EventType "swiss"]
[EventRounds "11"]
[EventCountry "ARG"]
[SourceTitle "CBM 208 Extra"]
[Source "ChessBase"]
[SourceDate "2022.07.31"]
[SourceVersion "1"]
[SourceVersionDate "2022.07.31"]
[SourceQuality "1"]

1. e4 c5 2. Nf3 Nc6 3. d3 g6 4. g3 Bg7 5. Bg2 e5 6. 0-0 Nge7 7. Re1 0-0 8. Nbd2 h6 9. a3 d6 10. c3 a5 11. a4 f5 12. exf5 Bxf5 13. Nc4 Qc7 14. Nh4 d5 15. Nxf5 gxf5 16. Ne3 Rad8 17. Qh5 Qd6 18. c4 dxc4 19. Nxc4 Qf6 20. f4 exf4 21. Bxf4 Rxd3 22. Ne5 Nxe5 23. Bxe5 Qg6 24. Qe2 Rd7 25. Qc4+ Rf7 26. Qxc5 b6 27. Qb5 Rd2 28. Rad1 Rxd1 29. Rxd1 Bxe5 30. Qxe5 Qf6 31. Qf4 Qxb2 32. Qxh6 Rf8 33. Rd7 Qe5 34. Bd5+ 1-0

[Event "ARG-ch 96th"]
[Site "Buenos Aires"]
[Date "2022.06.04"]
[Round "3"]
[White "Lavandeira, Juan Bautista"]
[Black "Torres, Federico"]
[Result "0-1"]
[WhiteElo "1662"]
[BlackElo "2142"]
[PlyCount "108"]
[EventDate "2022.06.02"]
[EventType "swiss"]
[EventRounds "11"]
[EventCountry "ARG"]
[SourceTitle "CBM 208 Extra"]
[Source "ChessBase"]
[SourceDate "2022.07.31"]
[SourceVersion "1"]
[SourceVersionDate "2022.07.31"]
[SourceQuality "1"]

1. d4 c6 2. Nf3 Nf6 3. Bf4 d5 4. e3 g6 5. Bd3 Bg7 6. h3 0-0 7. Nbd2 Nbd7 8. Qe2 b6 9. c3 Bb7 10. 0-0 Re8 11. e4 dxe4 12. Nxe4 c5 13. Nfg5 h6 14. Nxf7 Kxf7 15. Bc4+ Nd5 16. Qf3 Kg8 17. Qg4 Kh7 18. Qh4 e5 19. Bg5 Qc7 20. dxe5 Nxe5 21. Bxd5 Bxd5 22. Nf6+ Bxf6 23. Qxh6+ Kg8 24. Bxf6 Qh7 25. Qf4 Nd7 26. Bg5 Re5 27. Rad1 Rf8 28. Qg3 Qf7 29. Bh6 Rfe8 30. f4 Re3 31. Qg5 Bc4 32. Rxd7 Qxd7 33. Qxg6+ Kh8 34. f5 Qf7 35. Qxf7 Bxf7 36. Bxe3 Rxe3 37. Rf2 Bxa2 38. Kh2 Kg7 39. g4 Bc4 40. g5 a5 41. Rd2 Re2+ 42. Rxe2 Bxe2 43. Kg3 b5 44. Kf4 a4 45. Ke3 Bd1 46. Kd2 Bf3 47. h4 Bg4 48. f6+ Kg6 49. Kc2 Bf5+ 50. Kc1 Be6 51. Kc2 Bf7 52. Kd2 Kh5 53. Kc2 Kxh4 54. c4 b4 0-1

[Event "Florianopolis op 8th"]
[Site "Florianopolis"]
[Date "2022.01.27"]
[Round "5"]
[White "Ferreira, Thales Bond Dias"]
[Black "Torres, Federico"]
[Result "1-0"]
[WhiteElo "1970"]
[BlackElo "2170"]
[PlyCount "81"]
[EventDate "2022.01.24"]
[EventType "swiss"]
[EventRounds "10"]
[EventCountry "BRA"]
[SourceTitle "CBM 206 Extra"]
[Source "ChessBase"]
[SourceDate "2022.03.31"]
[SourceVersion "1"]
[SourceVersionDate "2022.03.31"]
[SourceQuality "1"]

1. e4 d6 2. d4 Nf6 3. Nc3 e5 4. Nf3 Nbd7 5. Be2 c6 6. h3 Qc7 7. a4 a5 8. Be3 Be7 9. Qd2 b6 10. 0-0 h6 11. Nh2 g5 12. Ng4 Nf8 13. d5 Bxg4 14. hxg4 c5 15. g3 Ng6 16. Bb5+ Kf8 17. f3 Kg7 18. Kg2 Rag8 19. Rh1 Kf8 20. Rh2 h5 21. gxh5 Nxh5 22. Rah1 Qd8 23. Rxh5 Nh4+ 24. R1xh4 gxh4 25. Bh6+ Rxh6 26. Qxh6+ Rg7 27. Qh8+ Rg8 28. g4 Bg5 29. Qh7 Rg6 30. Ne2 Ke7 31. Ng1 Qc8 32. Rxg5 Rxg5 33. Qxh4 Qg8 34. Nh3 f6 35. Nxg5 Qxg5 36. Qxg5 fxg5 37. Kf2 Kf6 38. Ke2 Ke7 39. Kd3 Kf6 40. Kc4 Ke7 41. Be8 1-0

[Event "Rio Grande Centennial op"]
[Site "Rio Grande"]
[Date "2021.10.01"]
[Round "4"]
[White "Torres, Federico"]
[Black "Tokman, Ariel"]
[Result "0-1"]
[WhiteElo "2185"]
[BlackElo "2316"]
[PlyCount "51"]
[EventDate "2021.09.29"]
[EventType "swiss"]
[EventRounds "9"]
[EventCountry "ARG"]
[SourceTitle "EXT 2022"]
[Source "ChessBase"]
[SourceDate "2021.10.06"]
[SourceVersion "1"]
[SourceVersionDate "2021.10.06"]
[SourceQuality "1"]

1. e4 c5 2. Nf3 d6 3. d3 Nc6 4. g3 g6 5. Bg2 Bg7 6. c3 e5 7. 0-0 Nge7 8. Re1 0-0 9. Nbd2 Bh6 10. a3 Be6 11. b4 a6 12. Nb3 c4 13. dxc4 Bxc4 14. Nfd2 Be6 15. Bf1 f5 16. Nc4 Kh8 17. exf5 gxf5 18. Rb1 Nd5 19. Qh5 Qf6 20. Bb2 f4 21. Nbd2 fxg3 22. fxg3 Qf2+ 23. Kh1 Nf6 24. Qh4 Bd5+ 25. Ne4 Nxe4 26. Rxe4 0-1

[Event "Chubut Easter op 1st"]
[Site "Chubut"]
[Date "2021.04.02"]
[Round "3"]
[White "Lorelli, Daniel"]
[Black "Torres, Federico"]
[Result "1/2-1/2"]
[WhiteElo "2039"]
[BlackElo "2208"]
[PlyCount "80"]
[EventDate "2021.04.01"]
[EventType "swiss"]
[EventRounds "6"]
[EventCountry "ARG"]
[SourceTitle "EXT 2022"]
[Source "ChessBase"]
[SourceDate "2021.10.06"]
[SourceVersion "1"]
[SourceVersionDate "2021.10.06"]
[SourceQuality "1"]

1. e4 e5 2. Nf3 d6 3. d4 Nd7 4. Bc4 c6 5. 0-0 Be7 6. dxe5 dxe5 7. Ng5 Bxg5 8. Qh5 Qe7 9. Qxg5 Qxg5 10. Bxg5 Nc5 11. f3 Be6 12. Nd2 Nf6 13. b4 b5 14. Bxb5 cxb5 15. bxc5 Kd7 16. Rfd1 Kc6 17. Nb3 a5 18. Bd2 b4 19. a4 Rhd8 20. Be3 Bxb3 21. cxb3 Ne8 22. Kf1 Nc7 23. Ke2 Ne6 24. Rac1 Rab8 25. g3 g5 26. Rd6+ Rxd6 27. cxd6+ Kxd6 28. Rd1+ Ke7 29. Rd5 Rc8 30. Kd2 Rc3 31. Rd3 Rc6 32. Rd5 Rd6 33. Rxd6 Kxd6 34. Kd3 Kc6 35. Kc4 h6 36. h4 gxh4 37. gxh4 h5 38. Bf2 Nf4 39. Be3 Ne6 40. Bf2 Nf4 1/2-1/2

[Event "Chubut Easter op 1st"]
[Site "Chubut"]
[Date "2021.04.01"]
[Round "1"]
[White "Draguicevich, Carla"]
[Black "Torres, Federico"]
[Result "0-1"]
[WhiteElo "1633"]
[BlackElo "2208"]
[PlyCount "84"]
[EventDate "2021.04.01"]
[EventType "swiss"]
[EventRounds "6"]
[EventCountry "ARG"]
[SourceTitle "EXT 2022"]
[Source "ChessBase"]
[SourceDate "2021.10.06"]
[SourceVersion "1"]
[SourceVersionDate "2021.10.06"]
[SourceQuality "1"]

1. c4 c6 2. Nf3 Nf6 3. Nc3 d5 4. e3 g6 5. d4 Bg7 6. b3 0-0 7. Bb2 a6 8. c5 Bg4 9. Be2 Nbd7 10. 0-0 Re8 11. Na4 Bxf3 12. Bxf3 e5 13. dxe5 Nxe5 14. Nb6 Rb8 15. Qe2 Nxf3+ 16. Qxf3 Ne4 17. Bxg7 Kxg7 18. Qd1 Qe7 19. Rc1 Rbd8 20. Qd4+ Kg8 21. Na4 Ng5 22. b4 Ne6 23. Qe5 Qh4 24. Qb2 d4 25. Rc4 Qg5 26. e4 f5 27. exf5 Nf4 28. g3 Ne2+ 29. Kg2 Qxf5 30. f3 d3 31. Rd1 Re3 32. Qb3 Qxf3+ 33. Kh3 Rd5 34. Rh4 Qf5+ 35. Kg2 Qf3+ 36. Kh3 Nf4+ 37. Rxf4 Qxf4 38. Nc3 Qf5+ 39. Kg2 d2 40. Rxd2 Qf3+ 41. Kh3 Qf1+ 42. Rg2 Qf5+ 0-1